[Event "Novi Sad TS 80th"]
[Site "Novi Sad"]
[Date "2018.07.03"]
[Round "5"]
[White "Markovic, Miroslav"]
[Black "Atalik, Suat"]
[Result "1/2-1/2"]
[WhiteElo "2470"]
[BlackElo "2512"]
[Annotator "Atalik,S"]
[PlyCount "19"]
[EventDate "2018.06.30"]
[EventType "tourn"]
[EventRounds "9"]
[EventCountry "SRB"]
[EventCategory "7"]
[SourceTitle "CBM 186"]
[Source "ChessBase"]
[SourceDate "2018.09.14"]
[SourceVersion "1"]
[SourceVersionDate "2018.09.14"]
[SourceQuality "1"]

1. e4 e5 2. Nf3 Nf6 3. Nc3 Nc6 {Four Knights.} 4. Bb5 Nd4 5. Bc4 Bc5 6. d3 d6
7. h3 Be6 8. O-O O-O 9. Nxd4 Bxd4 10. Ne2 $146 (10. Ne2 Bb6 11. Ng3) 1/2-1/2

[Event "BL2-Nord 9899"]
[Site "Germany"]
[Date "1999.03.07"]
[Round "7.1"]
[White "Bangiev, Alexander J"]
[Black "Stern, Rene"]
[Result "1/2-1/2"]
[WhiteElo "2395"]
[BlackElo "2465"]
[Annotator "Bangiev,A"]
[PlyCount "24"]
[EventDate "1998.10.18"]
[EventType "team-tourn"]
[EventRounds "9"]
[EventCountry "GER"]
[SourceTitle "GER-chT2"]
[Source "ChessBase"]
[SourceDate "1999.07.01"]
[SourceVersion "1"]
[SourceVersionDate "1999.07.01"]
[SourceQuality "1"]
[WhiteTeam "Isernhagen"]
[BlackTeam "Neukloster"]
[WhiteTeamCountry "GER"]
[BlackTeamCountry "GER"]

1. e4 e5 2. Nc3 Nf6 3. Nf3 Nc6 4. Bb5 Nd4 5. O-O Nxb5 6. Nxb5 d6 (6... c6 7.
Nc3 d6 8. d4 Qc7 {ist die Hauptvariante}) 7. d4 Bd7 $5 (7... c6 8. dxe5 Nxe4 9.
Nxd6+ Nxd6 10. exd6 Bxd6 11. Re1+ Be6 12. Nd4 $14) (7... Be7 8. dxe5 Nxe4 (8...
dxe5 9. Nxe5 $16) 9. Qd4 Bf5 10. exd6 cxd6 11. Re1 $16) 8. Nc3 exd4 (8... Qe7
$6 9. Bg5) 9. Nxd4 Be7 10. Qf3 (10. Bf4 $5 O-O 11. Qd2) 10... O-O 11. Nf5 Bxf5
12. Qxf5 Re8 $11 (12... Qd7 $6 13. Nd5 Rad8 14. Nxe7+ Qxe7 15. Bg5 $14) 1/2-1/2

[Event "BL2-Nord 9899"]
[Site "Germany"]
[Date "1999.01.10"]
[Round "4.1"]
[White "Bangiev, Alexander J"]
[Black "Rabiega, Robert"]
[Result "1/2-1/2"]
[WhiteElo "2395"]
[BlackElo "2525"]
[Annotator "Bangiev,A"]
[PlyCount "62"]
[EventDate "1998.10.18"]
[EventType "team-tourn"]
[EventRounds "9"]
[EventCountry "GER"]
[SourceTitle "GER-chT2"]
[Source "ChessBase"]
[SourceDate "1999.07.01"]
[SourceVersion "1"]
[SourceVersionDate "1999.07.01"]
[SourceQuality "1"]
[WhiteTeam "Isernhagen"]
[BlackTeam "Koenig Tegel"]
[WhiteTeamCountry "GER"]
[BlackTeamCountry "GER"]

1. e4 e5 2. Nf3 Nc6 3. Nc3 Nf6 4. Bb5 Nd4 5. Ba4 c6 6. O-O Qa5 7. d3 d6 $1 (
7... b5 8. Bb3 Nxb3 9. cxb3 d6 10. Bg5 $5 Be7 11. d4 Bg4 (11... b4 12. dxe5
dxe5 13. Bxf6 Bxf6 14. Na4 $36 {[%cal Ya4c5,Ya1c1]}) 12. dxe5 dxe5 13. Bxf6
Bxf6 14. Qd6 $5) 8. h3 (8. Nd2 $5) 8... b5 9. Bb3 Nxb3 10. cxb3 Be7 11. Ne2 O-O
12. Ng3 Qc7 13. Nh2 {/\Qf3;Nf5} (13. Re1 $142 d5 (13... Rd8 $5 14. d4 $132) 14.
d4 $5 (14. exd5 Nxd5 15. d4 (15. Nxe5 $2 Bd6) 15... exd4 16. Nxd4 $13) 14...
Nxe4 15. Nxe4 dxe4 16. Rxe4 $132) 13... Be6 (13... d5 14. Qf3 Rd8 15. Nf5 Bxf5
16. Qxf5 $13) 14. Qf3 Qd7 15. Rd1 d5 16. Qe2 {[%cal Ye2e5]} Rfd8 17. Bd2 (17.
Nf3 $6 dxe4 18. Nxe5 exd3 $15) 17... a5 (17... d4 18. f4 $132) 18. Nf3 {
[%csl Re5]} Qc7 19. exd5 {[%csl Re5]} Rxd5 20. Bc3 (20. Re1 $5 Nd7 21. Rac1
$132) 20... Nd7 21. d4 $6 (21. Re1 $1 f6 (21... Rd8 22. Rac1 Bd6 23. Ne4 $13)
22. d4 $1 b4 23. dxe5 $14) 21... b4 22. Be1 Bf6 $36 (22... Rd8 $5) 23. Ne4 (23.
Nh5 e4 24. Nxf6+ Nxf6 $17) 23... exd4 24. Nxf6+ Nxf6 25. Nxd4 Bxh3 $5 {[%mdl
512]} (25... Bd7 26. a3 $132) (25... Re8 $1 26. Qc2 Bd7 $36) 26. gxh3 Qd7 27.
Nf3 Qxh3 28. Rxd5 Qg4+ (28... cxd5 29. Nd4 $14) 29. Kf1 (29. Kh1 cxd5 30. Rd1
Re8 31. Qd3 Qh3+ 32. Kg1 Re4 $19) 29... Qh3+ (29... cxd5 $6 30. Ng1 $1) 30. Kg1
Qg4+ 31. Kf1 Qh3+ 1/2-1/2

[Event "Jakarta"]
[Site "Jakarta"]
[Date "1994.??.??"]
[Round "8"]
[White "Antonio, Rogelio Jr"]
[Black "Ye, Rongguang"]
[Result "0-1"]
[WhiteElo "2505"]
[BlackElo "2500"]
[Annotator "Blatny,P"]
[PlyCount "130"]
[EventDate "1994.04.??"]
[EventType "tourn"]
[EventRounds "13"]
[EventCountry "INA"]
[EventCategory "10"]
[SourceTitle "CBM 041"]
[Source "ChessBase"]
[SourceDate "1994.08.01"]
[SourceVersion "1"]
[SourceVersionDate "1994.08.01"]
[SourceQuality "1"]

1. e4 e5 2. Nf3 Nc6 3. Nc3 Nf6 4. Bb5 Nd4 5. Ba4 c6 6. d3 d6 7. Nxd4 exd4 8.
Ne2 Qa5+ 9. c3 dxc3 10. bxc3 d5 11. e5 Nd7 12. d4 f6 13. O-O fxe5 14. dxe5 Nxe5
15. Nd4 Bg4 16. f3 Bc5 (16... Qxc3 $1 17. Re1 O-O-O 18. fxg4 Qxa1 19. Rxe5 Bc5
20. Be3 Qxd1+ 21. Bxd1 Rde8 22. Rxe8+ Rxe8 23. Kf2 Re4 24. Nf5 d4 $17) 17. Bd2
(17. Re1 $1) 17... O-O 18. Kh1 (18. fxg4 Nc4 $1 $17) 18... Nc4 19. Bb3 Bd7 20.
Bxc4 dxc4 21. Qe2 b5 22. Qe5 Qb6 23. Ne6 Bxe6 24. Qxe6+ Kh8 25. Rae1 Qc7 26.
Re4 Rad8 27. Bg5 Rd5 28. Bh4 Qd7 29. Rfe1 h6 30. Qg6 Rd6 31. Qh5 Qf5 32. Qxf5
Rxf5 33. Re8+ Kh7 34. Rc8 Rfd5 35. g4 b4 36. cxb4 Bxb4 37. Re4 c3 38. Rxb4 c2
39. Rc4 Rd1+ 40. Kg2 c1=Q 41. Rxc1 Rxc1 42. Rc7 Rc2+ 43. Kh3 Rxa2 44. Bg3 Re6
45. f4 h5 46. gxh5 Rf6 47. Kg4 Ra4 48. Kg5 a6 49. Ra7 Kg8 50. Re7 Ra5+ 51. Kg4
Rf7 52. Re6 Rc5 53. h6 gxh6 54. Rxh6 a5 55. Rd6 a4 56. Rd8+ Rf8 57. Rd7 Ra5 58.
Be1 Raa8 59. Bc3 Rf7 60. Rd6 a3 61. f5 a2 62. Ba1 Rg7+ 63. Kh5 Rg1 64. Rg6+
Rxg6 65. Kxg6 Ra4 0-1

[Event "Capablanca Memorial-A"]
[Site "Matanzas"]
[Date "1994.??.??"]
[Round "8"]
[White "Hernandez Guerrero, Gilberto Eduardo"]
[Black "Miles, Anthony John"]
[Result "0-1"]
[WhiteElo "2485"]
[BlackElo "2590"]
[Annotator "Blatny,P"]
[PlyCount "56"]
[EventDate "1994.??.??"]
[EventType "tourn"]
[EventRounds "11"]
[EventCountry "CUB"]
[EventCategory "10"]
[SourceTitle "CBM 043"]
[Source "ChessBase"]
[SourceDate "1994.12.01"]
[SourceVersion "1"]
[SourceVersionDate "1994.12.01"]
[SourceQuality "1"]

1. e4 Nf6 2. Nc3 e5 3. Nf3 Nc6 4. Bb5 Nd4 5. Ba4 c6 6. O-O Qa5 (6... b5 7. Bb3
Nxb3 8. axb3 d6 9. d4 Qc7 10. Bg5 $36 {Nunn,J-Emms,JM/London Lloyds Bank/1993/}
(10. Qd3 $14 {Nunn,J-Malaniuk,V/Pardubice/1993/})) 7. Re1 d6 (7... Bb4 8. Nxd4
exd4 9. e5 Ng8 10. Qg4 dxc3 11. Qxg7 cxd2 12. Bxd2 Bxd2 13. Qxh8 Bxe1 14. Qxg8+
Ke7 15. Qg5+ Ke8 16. Qg8+ Ke7 17. Qg5+ Kf8 18. Qf6 Bxf2+ 19. Kxf2 Qxa4 20. Qd8+
Kg7 21. Qf6+ {1/2-1/2 Riemersma,L-Gausel,E/Gausdal/1993/}) 8. h3 $2 (8. Nxd4
exd4 9. Nd5 Nd7 10. b4 Qxa4 11. Nc7+ Kd8 12. Nxa8 b6 13. Rb1 Bb7 14. Rb3 c5 15.
Ra3 Qc6 16. Rxa7 Bxa8 17. b5 Qc8 $15 {Smagin,S-Malaniuk,V/Tilburg/1993/}) 8...
b5 $1 9. b4 (9. Bb3 Nxb3 10. cxb3 b4 $17) 9... Qxb4 10. Rb1 Nxf3+ 11. Qxf3 Qd4
$17 12. Bxb5 $5 (12. Bb3 a5 $1 13. a4 b4 14. Nd1 Be7 $17) 12... cxb5 13. Nxb5
Qc4 (13... Qc5 $2 14. Ba3 Qc6 15. Re3 $40) 14. Re3 $2 (14. Ba3 $142) 14... Qxc2
15. Na3 (15. Ra1 Rb8 $19) 15... Qa4 16. Nb5 Qc2 17. Na3 Qc6 18. Nb5 Nd7 19. d4
a6 20. d5 Qb6 21. Na3 Qd8 $19 22. Bd2 Be7 23. Nc4 a5 24. Ra3 a4 25. Bb4 Ra6 26.
Qd1 O-O 27. Rxa4 Rxa4 28. Qxa4 Nb6 0-1

[Event "Hastings 9394"]
[Site "Hastings"]
[Date "1993.??.??"]
[Round "6"]
[White "Nunn, John DM"]
[Black "Barua, Dibyendu"]
[Result "1-0"]
[WhiteElo "2590"]
[BlackElo "2510"]
[Annotator "Blatny,P"]
[PlyCount "61"]
[EventDate "1993.12.??"]
[EventType "tourn"]
[EventRounds "9"]
[EventCountry "ENG"]
[EventCategory "12"]
[SourceTitle "CBM 039"]
[Source "ChessBase"]
[SourceDate "1994.04.01"]
[SourceVersion "1"]
[SourceVersionDate "1994.04.01"]
[SourceQuality "1"]

1. e4 {Krasenkov Ftacnik} e5 2. Nf3 Nc6 3. Nc3 Nf6 4. Bb5 Nd4 5. Ba4 c6 6. O-O
(6. Nxe5 $6 d5 $1 (6... Qe7 7. Nf3 Nxe4 8. O-O Nxf3+ 9. Qxf3 Nc5 10. d4 $16 {
@, ->}) 7. O-O Bd6 8. f4 O-O $44) (6. d3 $6 b5 (6... Bb4 $5 7. Bd2 Qa5 8. Bb3
Nxb3 9. axb3 Qc7 10. O-O Be7 11. Be3 b6 12. h3 O-O 13. Nd2 d5 $36 {^^ -->
Yudasin,L-Nikolic,P/Tilburg/1993/}) 7. Bb3 Nxb3 8. axb3 d6 9. O-O Be7 10. Ne2
O-O 11. Ng3 {=/=/+ ^^, Nunn,J-Bareev,E/Hastings/1992/}) 6... Nxf3+ (6... Qa5
$142 7. Re1 $5 (7. Bb3 $6 Nxb3 8. cxb3 d6 9. d4 Bg4 10. Be3 $13 {Ionov,
S-Khalifman,A/Sevilla op/1993/}) 7... d6 8. Nxd4 $5 exd4 9. Nd5 Nd7 $1 10. b4
Qxa4 11. Nc7+ Kd8 12. Nxa8 $13 {--> Smagin,S-Malaniuk,V/Tilburg/1993/}) 7. Qxf3
d6 8. d3 h6 $6 $146 (8... Bg4 9. Qg3 Qd7 10. h3 Be6 11. Ne2 Nh5 12. Qh4 g6 13.
f4 Be7 14. Qf2 Rg8 15. Bb3 $1 {+/=/+/- Paulsen,L-Schallopp,E/Berlin/1881/}) (
8... Be7 9. Nd5 $5 (9. Qe2 O-O 10. Kh1 a6 11. Bb3 b5 12. a4 b4 $132 {Paulsen,
L-Mason,J/Nuernberg/1883/}) 9... Nd7 (9... O-O {Ftacnik} 10. Nxe7+ Qxe7 11. Bg5
h6 12. Bd2 Nd7) 10. Nxe7 Qxe7 11. c3 O-O 12. Qg3 Nc5 13. Bc2 Ne6 $14 {^^
Kamsky,G-Adams,M/Dortmund/1992/}) (8... Be7 $142 {Krasenkov}) 9. Qe2 {/\f4->}
Be6 (9... Be7 {Ftacnik} 10. f4 exf4 11. Bxf4 O-O 12. Bb3 $14) (9... g5 {Ftacnik
} 10. Nd1 {/\ Ne3, c3, xf5}) 10. Bb3 $1 (10. f4 {Ftacnik} exf4 11. Bxf4 Qb6+
12. Kh1 Qxb2 13. Nd5 $36) 10... Bxb3 (10... Qd7 11. f4 {<->f->}) (10... Be7 {
Ftacnik} 11. f4 exf4 12. Bxf4 O-O 13. Bxe6 fxe6 14. e5 $16) 11. axb3 g6 (11...
g5 {ץf8}) (11... Be7 {Ftacnik} 12. f4 O-O 13. f5 $40) 12. f4 Bg7 (12... exf4
$2 13. Bxf4 Bg7 14. e5 $16) 13. fxe5 {?! Ftacnik} (13. Qf3 $142 {Ftacnik} O-O
14. fxe5 dxe5 15. Bxh6 $16) 13... dxe5 14. Qf3 Qe7 15. Be3 a6 16. Kh1 (16. Na4
Nd7 {/\0-0}) 16... Nd7 17. Qh3 $1 $16 h5 {/\0-0} (17... Qe6 $1 {Krasenkov}) 18.
Rf3 O-O {? Ftacnik} (18... Bh6 $5 $14 {Ftacnik}) (18... Qe6 {Krasenkov} 19.
Qxe6+ fxe6 20. Rg3) 19. g4 $1 (19. Raf1 Rae8 $13) 19... hxg4 (19... Nf6 {
Ftacnik} 20. gxh5 (20. Bg5 $2 hxg4 21. Bxf6 Qe6 $1) 20... Nxh5 21. Rg1 {
/\ Ne2-g3->}) 20. Qxg4 Nf6 21. Qh4 Qe6 (21... Rfd8 22. Bg5 Rd6 23. Raf1 $18) (
21... Nd5 {Ftacnik} 22. Bg5 f6 23. exd5 fxg5 24. Rxf8+ Rxf8 25. Qc4 $16) 22.
Bc5 Rfe8 23. Rg1 Nh5 24. Ne2 Rab8 25. Ng3 $1 Nxg3+ {? Ftacnik} (25... Nf6 26.
Nf5 $1 gxf5 (26... Nh7 27. Rh3 Nf6 (27... Nf8 28. Bxf8 Kxf8 29. Qh8+ Bxh8 30.
Rxh8#) 28. Nxg7 $18) (26... Nh5 27. Qxh5 gxh5 28. Nxg7 Qg6 (28... Qd7 29. Nxe8+
Kh8 (29... Kh7 30. Nf6+ Kh8 31. Nxd7 $18) 30. Rf6 Kh7 31. Rg7+ Kh8 32. Rh6#)
29. Rxg6 fxg6 30. Nxe8 $18) 27. Rh3 $18) (25... Nf4 {Ftacnik} 26. Nf5 $1 gxf5
27. Rxf4 exf4 28. Bd4 Qg6 (28... f6 29. Bxf6 $18) 29. Bxg7 Kxg7 30. exf5 Qxg1+
31. Kxg1 Rg8 32. Kf2 $16) 26. Rgxg3 b6 27. Be3 (27. Ba3 c5 {/\Kf8}) 27... Qd7 (
27... Qe7 28. Bg5 $40) (27... f5 28. exf5 gxf5 29. Rxg7+ $1 Kxg7 30. Rg3+ Kf8 (
30... Qg6 $18) 31. Bh6+ Kf7 32. Rg7+ Kf8 33. Rb7+ Kg8 34. Qg5+ $18) 28. Rh3 Kf8
29. Qh7 Rb7 (29... Re6 {Ftacnik} 30. Bh6 Bxh6 31. Qxh6+ Ke7 32. Rxf7+ Kxf7 33.
Qh7+ Ke8 34. Qh8+ Ke7 35. Rh7+ $18) 30. Qxg6 $18 Re6 (30... Qxh3 {Ftacnik} 31.
Qd6+ $18) (30... Qe6 $18 {Krasenkov}) 31. Rh8+ $1 (31. Rh8+ $1 Bxh8 32. Bh6+
Ke7 (32... Ke8 33. Qg8+ Ke7 34. Qf8#) 33. Rxf7+ (33. Rxf7+ Kd8 (33... Kd6 34.
Bf8+ (34. Rxd7+ {Ftacnik} Rxd7 35. Bf8+ $18)) 34. Rxd7+ Kxd7 35. Qh7+ $18)) 1-0

[Event "Vejle"]
[Site "Vejle"]
[Date "1994.??.??"]
[Round "?"]
[White "Nunn, John DM"]
[Black "Sahl, Bjarke"]
[Result "1-0"]
[WhiteElo "2605"]
[BlackElo "2465"]
[Annotator "Blatny,P"]
[PlyCount "55"]
[EventDate "1994.02.??"]
[EventType "tourn"]
[EventRounds "9"]
[EventCountry "DEN"]
[EventCategory "10"]
[SourceTitle "CBM 040"]
[Source "ChessBase"]
[SourceDate "1994.06.01"]
[SourceVersion "1"]
[SourceVersionDate "1994.06.01"]
[SourceQuality "1"]

1. e4 e5 2. Nf3 Nc6 3. Nc3 Nf6 4. Bb5 Nd4 5. Ba4 (5. Bc4 Bc5 6. Nxe5 Qe7 7. Nf3
d5 8. Nxd5 Qxe4+ 9. Ne3 Bg4 10. Be2 Nxe2 11. Qxe2 O-O-O 12. d3 Qe6 $44) (5.
Nxe5 Qe7 (5... Nxe4 6. Nxe4 Nxb5 7. Nxf7 $1 Qe7 (7... Kxf7 8. Qh5+ Kg8 $4 9.
Qd5#) 8. Nxh8 Qxe4+ 9. Kf1 Nd4 10. d3 Qf5 11. h4 $1 $16 {Bogoljubov-Rubinstein/
Goeteborg/1920/ --> ChessBase history files}) 6. Nf3 Nxb5 7. Nxb5 Qxe4+ 8. Qe2
Qxe2+ 9. Kxe2 Nd5 10. Re1 f6 11. d3 Kf7 $10 {Taimanow}) 5... c6 (5... Nxf3+ 6.
gxf3 $5 Bc5 7. f4 Qe7 8. d3 c6 9. Qe2 d6 10. h3 Bd7 11. Bb3 Be6 12. fxe5 dxe5
13. Bg5 $14 {Dubinin-Moiseev/corr USSR/}) 6. Nxe5 d6 7. Nf3 Bg4 8. d3 d5 9. O-O
dxe4 10. dxe4 (10. Nxe4 Nxe4 11. dxe4 Nxf3+ 12. gxf3 Qxd1 13. Rxd1 Bxf3 $15)
10... Bxf3 11. gxf3 b5 12. Bb3 Bc5 13. e5 Qd7 $2 (13... Nd7 $142) 14. exf6
O-O-O (14... Qh3 $142 15. Re1+ {/\Re3} (15. fxg7 O-O-O $1 (15... Nxf3+ $4 16.
Qxf3 Qxf3 17. gxh8=Q+ $18) (15... Rg8 16. Re1+ $18) 16. gxh8=Q Rxh8 $40) 15...
Kf8 16. Re3 Nxb3 17. axb3 gxf6 18. Ne4 Rg8+ 19. Ng3 Rg6 20. b4 $1 Bxe3 21. Bxe3
{+/-/+- _|_}) 15. Kg2 $18 gxf6 16. Ne4 Rhg8+ 17. Ng3 Qc7 (17... h5 $142) 18.
Qd3 Kb7 19. a4 a6 20. axb5 axb5 21. Be3 h5 22. Bxd4 Bxd4 23. Qh7 f5 24. c3 Rg7
25. Qxf5 Bxf2 26. Rxf2 h4 27. Qc5 Kb8 28. f4 1-0

[Event "Madrid"]
[Site "Madrid"]
[Date "1994.??.??"]
[Round "7"]
[White "Shirov, Alexei"]
[Black "Sokolov, Ivan"]
[Result "1/2-1/2"]
[WhiteElo "2715"]
[BlackElo "2650"]
[Annotator "Blatny,P"]
[PlyCount "74"]
[EventDate "1994.05.??"]
[EventType "tourn"]
[EventRounds "9"]
[EventCountry "ESP"]
[EventCategory "15"]
[SourceTitle "CBM 041"]
[Source "ChessBase"]
[SourceDate "1994.08.01"]
[SourceVersion "1"]
[SourceVersionDate "1994.08.01"]
[SourceQuality "1"]

1. e4 e5 2. Nf3 Nc6 3. Nc3 Nf6 4. Bb5 Nd4 5. Ba4 c6 6. O-O d6 (6... b5 7. Bb3
Nxb3 8. axb3 d6 9. d4 (9. d3 Be7 10. Ne1 O-O 11. f4 exf4 12. Bxf4 d5 13. e5 Bg4
14. Nf3 {Belikov,V-Galdunts,S/Voskresensk/1993/1-0/}) 9... Qc7 10. Qd3 Be7 11.
Bg5 O-O 12. b4 $1 $14 {Nunn,J-Malaniuk/Pardubice/1993/1/2-1/2/}) 7. Nxd4 exd4
8. Ne2 Qb6 (8... Nxe4 $2 9. Nxd4 $16 {/\Re1}) (8... b5 $2 9. Bb3 c5 10. d3 $16
{/\a2-a4;Bg5}) 9. d3 Be7 10. c3 $1 dxc3 11. Nxc3 (11. bxc3 $1 {/\Bc2,d3-d4.})
11... O-O 12. d4 d5 13. e5 Ne4 14. Bc2 f5 15. Ne2 Kh8 16. h4 $5 (16. f3 Ng5 {
/\Ng5-e6}) 16... Bxh4 (16... c5 $5 {/\} 17. f3 cxd4 18. fxe4 d3+) 17. g3 Be7 (
17... Bg5 18. Bxe4 Bxc1 19. Bxd5 Bxb2 20. Rb1 cxd5 21. Qd2 $44) 18. Kg2 {/\Rh1}
c5 {A flank attack has to be answered by a central break.} 19. Nf4 (19. Rh1
$142 $1 {Sokolov} cxd4 20. Nf4 d3 21. Be3 dxc2 22. Qh5 Qh6 23. Ng6+ $1 hxg6 24.
Qxg6 $18) 19... Bg5 $1 {A sound piece sacrifice.} 20. f3 (20. Nxd5 Qc6 $1)
20... Bxf4 21. Bxf4 cxd4 22. fxe4 fxe4 $1 (22... dxe4 $2 23. Bb3 $1 $18) 23.
Bb3 Be6 24. Rh1 d3 (24... Bf5) 25. Rh4 d4 $2 {Freeing the Bb3.} (25... Bf5 $142
26. Qd2 d4) 26. Qh5 Bf5 27. e6 $1 e3 28. Be5 $1 (28. g4 $1 {Shirov} Be4+ 29.
Kg3 $18 {/\Rh1,Qxh7+} Qd6 $2 30. Bxd6 Rf3+ 31. Kh2 Rf2+ 32. Kh3 Rf3+ 33. Bg3
$18) 28... Qc6+ 29. Kg1 e2 30. Qg5 $1 Bg6 31. Rxd4 $2 (31. Qxg6 $142 $18 Rf1+
32. Rxf1 exf1=Q+ 33. Kxf1 Qf3+ (33... Rf8+ {During the game Shirov was afraid
of this move.} 34. Bf4 Qf3+ 35. Kg1 Qe3+ {Shirov calculated this move as good
for Black not realising, that White can simply win with...} 36. Bxe3 $18) 34.
Kg1 Qe3+ 35. Kh2 Qe2+ 36. Kh3 Qf1+ 37. Kg4 Qe2+ 38. Kf5 $1 Rf8+ 39. Qf7 Qf3+
40. Bf4) 31... Qf3 $1 32. Rf4 Qe3+ 33. Kh2 Rxf4 34. Qxf4 e1=Q 35. Rxe1 Qxe1 36.
Bxg7+ $1 Kxg7 37. Qd4+ Kh6 1/2-1/2

[Event "Kemerovo1"]
[Site "Kemerovo"]
[Date "1995.??.??"]
[Round "6"]
[White "Yudasin, Leonid"]
[Black "Sagalchik, Gennadij"]
[Result "1-0"]
[WhiteElo "2630"]
[BlackElo "2515"]
[Annotator "Blatny,P"]
[PlyCount "51"]
[EventDate "1995.08.??"]
[EventType "tourn"]
[EventRounds "11"]
[EventCountry "RUS"]
[EventCategory "12"]
[SourceTitle "CBM 050"]
[Source "ChessBase"]
[SourceDate "1996.02.01"]
[SourceVersion "1"]
[SourceVersionDate "1996.02.01"]
[SourceQuality "1"]

1. e4 e5 2. Nf3 Nc6 3. Nc3 Nf6 4. Bb5 a6 5. Bxc6 dxc6 6. Nxe5 Nxe4 (6... Bb4 7.
O-O O-O 8. d3 Re8 9. Nc4 b5 10. Ne3 Bd6 11. f4 $16 {Frank,Ra-Mayer,H/VLSBaden
9192 (1992) ;GER 04 1992}) (6... Qe7 $6 7. d4 Nxe4 $2 8. Nxe4 f6 9. Qh5+ (9. f4
$6 {Croisee,I-Pantazi,A/WchJW U12 Bratislava (06) ;TD 93\05 1993}) 9... g6 10.
Qe2 fxe5 11. Bg5 $18) (6... Bd6 7. Nc4 O-O 8. O-O Re8 9. d3 Bg4 10. f3 Bh5 11.
Be3 b5 12. Nxd6 Qxd6 13. d4 Nd7 14. Bf2 Rad8 15. Qd2 {1-0 Repkova,E-Granec,S/
SVK-chT 9394 (09) ;TD 94\03 1994}) 7. Nxe4 Qd4 8. O-O Qxe5 9. d4 Qf5 10. Re1
Be6 11. Bg5 Bd6 (11... h6 $5 12. Qd3 $5 (12. Bh4) 12... Qh7 $2 (12... Qb5 $142)
13. Bh4 Bd6 14. c4 Kf8 15. Qb3 b5 16. d5 (16. Nxd6 cxd6 17. Qb4 $16 {Meier,
V-Pirrot,D/BL 8990 (1990) ;BL 1990}) 16... cxd5 17. cxd5 Bf5 18. Nxd6 cxd6 19.
Be7+ Kg8 20. Bxd6 $18) 12. Qd2 h6 13. Bh4 g5 14. Nxd6+ cxd6 15. Bg3 $14 {^-}
O-O-O 16. Qb4 $1 Qd5 (16... Qxc2 17. d5 $1 Bxd5 18. Re7 b5 19. Qa5 Rd7 20.
Qxa6+ Kd8 21. Bxd6 $1 Rxd6 (21... Rxe7 22. Qb6+ Ke8 23. Qb8+ Kd7 24. Qc7+ $18)
22. Qa7 $18) 17. b3 h5 18. Rad1 b5 (18... h4 19. c4 Qf5 20. Bxd6 h3 21. d5 Qg4
22. Bg3 cxd5 (22... Qh5 23. Qb6 Rd7 24. dxc6 Qxd1 25. cxb7+ Rxb7 26. Qc6+ $18)
(22... Bxd5 23. Qe7 Qd7 24. Qe5 $18)) 19. Qa3 Kc7 (19... Kb7 20. c4 bxc4 21.
bxc4 Qxc4 22. Rb1+ Ka8 23. Rb6 Ka7 24. Reb1 Bf5 25. Bxd6 $1 Bxb1 26. Bc5 $18)
20. c4 $1 bxc4 21. bxc4 Qxc4 22. d5 $1 $18 Bxd5 $6 (22... h4 $8 23. Bxd6+ $1
Rxd6 24. dxe6 Rxd1 25. Rxd1 c5 (25... fxe6 26. Qe7+ Kb6 27. Rb1+ $18) (25...
Qxe6 26. Qa5+ Kb7 27. Rb1+ Kc8 28. Qxa6+ Kd7 29. Qa7+ $18) 26. Qb2 Rd8 $8 27.
Rb1 Qb5 28. e7 $1 $18) 23. Re7+ Kc8 24. Bxd6 Rd7 (24... Qb5 25. Rc7+ Kb8 26.
Rxc6+ Kb7 27. Rc5 $18) 25. Qb2 Rxe7 26. Qb8+ (26. Qb8+ Kd7 27. Qc7+ $18) 1-0

[Event "Lazne Bohdanec"]
[Site "Lazne Bohdanec"]
[Date "1995.??.??"]
[Round "5"]
[White "Keitlinghaus, Ludger"]
[Black "Blatny, Pavel"]
[Result "1/2-1/2"]
[WhiteElo "2495"]
[BlackElo "2485"]
[Annotator "Blatny,P"]
[PlyCount "60"]
[EventDate "1995.01.??"]
[EventType "tourn"]
[EventRounds "11"]
[EventCountry "CZE"]
[EventCategory "10"]
[SourceTitle "CBM 045"]
[Source "ChessBase"]
[SourceDate "1995.04.01"]
[SourceVersion "1"]
[SourceVersionDate "1995.04.01"]
[SourceQuality "1"]

1. e4 e5 2. Nf3 Nf6 3. Nc3 Nc6 4. Bb5 Nd4 5. Bc4 Bc5 6. Nxe5 Qe7 7. Nd3 d5 8.
Nxd5 (8. Bxd5 Nxd5 9. Nxd5 Qxe4+ 10. Ne3 Bb6 11. O-O O-O $44) 8... Qxe4+ 9. Ne3
Bb6 10. f3 Qh4+ 11. Nf2 (11. g3 $5 Qh3 12. Nf2 (12. Nf4 Qh6 {/\g5->}) 12... Qh5
$36) 11... O-O 12. O-O $6 (12. g3 Qh5 $44) 12... Nxf3+ $1 13. Qxf3 Bxe3 14.
Qxe3 $1 (14. Bxf7+ $6 Rxf7 15. Qxe3 Bd7 {/\Bc6,Re8=/+; /\Raf8,Ng4->}) 14...
Qxc4 15. Qc3 $1 (15. c3 Bd7 {/\Rae8=/+}) (15. Qb3 Qc6 {/\Bf5,Rae8,Re2->}) 15...
Qd5 $2 (15... Qxc3 $1 16. bxc3 (16. dxc3 $15) 16... Bd7 {/\Ba4=/+ _|_}) 16. b3
$1 Bd7 17. Bb2 Bc6 18. Qh3 $1 (18. Qg3 $2 Nh5 19. Qg4 (19. Qh3 $2 Nf4 $19)
19... f5 20. Qc4 (20. c4 Qxd2 $19) 20... Qxc4 21. bxc4 Nf4 $17) 18... Ne4 $1 $8
19. Nxe4 (19. Qg4 Ng5 $13) 19... Qxe4 20. Qg3 Qg6 $8 21. Qxg6 hxg6 $10 22. Be5
Rac8 23. Rae1 f6 $1 24. Bg3 Kf7 25. Re3 Rfe8 26. Rfe1 Rxe3 27. Rxe3 Bd7 28. d4
c6 29. Kf2 Bf5 30. c3 (30. c4 $2 Rd8 $1) 30... Re8 1/2-1/2

[Event "Seville op"]
[Site "Seville"]
[Date "1993.??.??"]
[Round "4"]
[White "Ionov, Sergey"]
[Black "Khalifman, Alexander"]
[Result "1/2-1/2"]
[WhiteElo "2495"]
[BlackElo "2645"]
[Annotator "Bulletin"]
[PlyCount "34"]
[EventDate "1993.01.??"]
[EventType "swiss"]
[EventRounds "10"]
[EventCountry "ESP"]
[SourceTitle "CBM 038"]
[Source "ChessBase"]
[SourceDate "1994.02.01"]
[SourceVersion "1"]
[SourceVersionDate "1994.02.01"]
[SourceQuality "1"]

1. e4 e5 2. Nf3 Nc6 3. Nc3 Nf6 4. Bb5 Nd4 5. Ba4 c6 6. O-O (6. Nxe5 d5 7. O-O
Bd6 $44) 6... Qa5 (6... b5 7. Bb3 a5 8. Nxe5 Qe7 9. Nd3 a4 10. e5 axb3 11. exf6
Qxf6 12. cxb3 Be7 $44) 7. Bb3 Nxb3 8. cxb3 d6 9. d4 Bg4 10. Be3 Be7 11. h3 Bh5
12. Qe2 O-O 13. g4 Bg6 14. Nh4 Rfe8 15. dxe5 dxe5 16. a3 Nd7 17. Nf5 Qc7
1/2-1/2